00624nam a2200181 i 450000100060000000300090000600500170001500700030003200800410003510000270007624500760010326000440017930000220022370000260024585200320027199900170030395201220032072625ES-MaACL20230906171509.0t|040902s1972 xxu ||||1| spa d1 aGodoy, Gustavo.95753614aLas horas furtivas / cGustavo Godoy ; carta prólogo de Juan Fonseca. aMiami (Florida) : bUniversal, c[1972] a141 p. ; c19 cm.1 aFonseca, Juan.951522 aES-MaACLjC-51193 bR.83597 c72625d72625 00104070aATENEOMbATENEOMcDEPO2d2008-01-17eSCl0oC-51193p1076028r2023-02-23 00:00:00w2023-02-23yMONOGRAFIA